000 00824nam a2200277Ia 4500
003 OSt
005 20221005024657.0
006 a|||||r|||| 00| 0
007 ta
008 221004b |||||||| |||| 00| 0 eng d
020 _a0335205968
_c1830.66
024 _a82815
037 _b197, 30/03/2005, Ideal Book Publishers & Distributors
_cTextual
040 _aCRL
_cCRL
_beng
041 _2eng
_aeng
082 _aS:(L:4:31), P3
100 _aOgden Jane
_9449473
245 0 _aHealth psychology
_b A textbook
250 _a2nd
260 _aBuckingham
_bOpen University Press
_c2003
300 _a396p.
_ccm.
650 _a PSYCHOLOGY
650 _aPSYCHOLOGY
942 _hS:(L:4:31), P3
_cTEXL
_2cc
999 _c933240
_d933240